|
|
|
|
| LEADER |
01062nam a2200325 4500 |
| 001 |
000014557 |
| 003 |
10927 |
| 005 |
20120507160532.0 |
| 008 |
120507s2001 viesd |
| 020 |
|
|
|c 23000đ
|
| 041 |
1 |
|
|a vie
|
| 082 |
|
|
|a 841
|b MOL
|
| 100 |
1 |
|
|a Moliere
|d 1380-1442
|d 1380-1442
|
| 245 |
1 |
0 |
|a Lão hà tiện
|b = L'avare
|c Moliere ; Đỗ Đức Hiểu dịch, giới thiệu, chú thích
|
| 260 |
|
|
|a Hải Phòng
|b Hải Phòng
|c 2001
|
| 300 |
|
|
|a 248 tr
|c 19 cm.
|
| 653 |
|
|
|a Văn học Pháp
|
| 653 |
|
|
|a Kịch Pháp
|
| 700 |
|
|
|a Đỗ Đức Hiểu
|e dịch
|
| 910 |
|
|
|a Thi
|d 20/7/2011
|
| OWN |
|
|
|a LSP
|
| AVA |
|
|
|a UDN50
|b LSP
|d 841 MOL
|e available
|t Error 5001 Not defined in file expand_doc_bib_avail.
|f 3
|g 0
|h N
|i 0
|k 1
|
| 999 |
|
|
|a From the UDN01
|
| AVA |
|
|
|a UDN50
|b LSP
|d 841 MOL
|e available
|t Error 5001 Not defined in file expand_doc_bib_avail.
|f 3
|g 0
|h N
|i 0
|k 1
|
| TYP |
|
|
|a Monograph
|
| TYP |
|
|
|a Printed language
|
| 980 |
|
|
|a Mạng thư viện Đại học Đà Nẵng
|